[Event "SVK-ch op"]
[Site "Banska Stiavnica"]
[Date "2013.07.14"]
[Round "9"]
[White "Jancsy, Peter"]
[Black "Surka, Marian"]
[Result "1/2-1/2"]
[WhiteElo "1613"]
[BlackElo "1746"]
[PlyCount "80"]
[EventDate "2013.07.06"]
[EventType "swiss"]
[EventRounds "9"]
[EventCountry "SVK"]
[SourceTitle "CBM 155 Extra"]
[Source "ChessBase"]
[SourceDate "2013.08.26"]
[SourceVersion "1"]
[SourceVersionDate "2013.08.26"]
[SourceQuality "1"]

1. e4 e5 2. Nf3 d6 3. h3 Nc6 4. Bb5 Bd7 5. Bxc6 Bxc6 6. d3 Qd7 7. Nc3 0-0-0 8. 0-0 h6 9. Be3 b6 10. d4 f6 11. d5 Bb7 12. a4 g5 13. a5 g4 14. hxg4 Qxg4 15. Nh2 Qg7 16. Qg4+ Qxg4 17. Nxg4 h5 18. Nh2 Ba6 19. Rfd1 Bb7 20. a6 Ba8 21. b4 Ne7 22. b5 f5 23. Bg5 fxe4 24. Bxe7 Bxe7 25. Nxe4 Rhg8 26. Ra3 Rg7 27. Rg3 Rdg8 28. c4 Rxg3 29. Nxg3 Rg5 30. Rc1 h4 31. Ne4 Rg7 32. Rc3 Kd8 33. Rh3 Ke8 34. g3 Kf7 35. Kh1 Rh7 36. gxh4 Rxh4 37. Rxh4 Bxh4 38. Kg2 Kg6 39. Kf3 Kf5 40. Ng4 Kg6 1/2-1/2

[Event "SVK-ch op"]
[Site "Banska Stiavnica"]
[Date "2013.07.12"]
[Round "7"]
[White "Piovar, Jaroslav"]
[Black "Surka, Marian"]
[Result "1-0"]
[WhiteElo "1564"]
[BlackElo "1746"]
[PlyCount "63"]
[EventDate "2013.07.06"]
[EventType "swiss"]
[EventRounds "9"]
[EventCountry "SVK"]
[SourceTitle "CBM 155 Extra"]
[Source "ChessBase"]
[SourceDate "2013.08.26"]
[SourceVersion "1"]
[SourceVersionDate "2013.08.26"]
[SourceQuality "1"]

1. d4 d5 2. c4 Nf6 3. Nc3 e6 4. Bg5 Be7 5. cxd5 Nxd5 6. Bxe7 Nxe7 7. e4 b6 8. Nf3 Bb7 9. Bb5+ c6 10. Be2 f5 11. Ng5 Qd7 12. Bc4 e5 13. Bf7+ Kd8 14. Ne6+ Kc8 15. dxe5 Qxd1+ 16. Rxd1 Nd7 17. Nxg7 Nxe5 18. Be6+ Kc7 19. exf5 Bc8 20. f6 N7g6 21. 0-0 Nf4 22. Bxc8 Raxc8 23. Rfe1 Neg6 24. g3 Nh3+ 25. Kg2 Ng5 26. h4 Nf7 27. h5 Nge5 28. f4 Nd7 29. Re7 Nd8 30. Rdxd7+ Kb8 31. Rxa7 Re8 32. Nxe8 1-0